[Event "Can one find a good TN in the Najdorf?"]
[Site "SchemingMind.com"]
[Date "2005.08.11"]
[Round "-"]
[White "wilfried"]
[Black "Helloween"]
[Result "1/2-1/2"]
[WhiteCountry "GER"]
[BlackCountry "INT"]
[WhiteElo "2233"]
[WhiteRD "96"]
[BlackElo "2072"]
[BlackRD "81"]
[GameID "22021"]

1. e4 c5 2. Nf3 d6 3. d4 cxd4 4. Nxd4 Nf6 5. Nc3 a6 6. Be3 e5 7. Nb3 Be6 8. f3 Be7 9. Qd2 h5 10. Be2 Nbd7
11. Nd5 Nxd5 12. exd5 Bf5 13. O-O O-O 14. f4 Rc8 15. fxe5 Rxc2 16. Qd1 Be4 17. Bf3 Bh7 18. Nd4 Rxb2 19. Qc1 Rb4 20. e6 Nf6
21. Qc3 Ra4 22. Qb3 b5 23. Rac1 Bg6 24. Nc6 Qe8 25. Bg5 fxe6 26. dxe6 Kh7 27. Rf2 d5 28. Nxe7 Qxe7 29. Re1 Be4 30. Bxh5 Qxe6
31. Bd1 Nd7 32. Qg3=
1/2-1/2

[Event "Can one find a good TN in the Najdorf?"]
[Site "SchemingMind.com"]
[Date "2005.08.13"]
[Round "-"]
[White "Helloween"]
[Black "wilfried"]
[Result "0-1"]
[WhiteCountry "INT"]
[BlackCountry "GER"]
[WhiteElo "2072"]
[WhiteRD "81"]
[BlackElo "2233"]
[BlackRD "96"]
[GameID "22022"]

1. e4 c5 2. Nf3 d6 3. d4 cxd4 4. Nxd4 Nf6 5. Nc3 a6 6. Be3 e6 7. g4 h6 8. f4 b5 9. Bg2 Bb7 10. g5 hxg5
11. fxg5 b4 12. Na4 Qa5 13. Nb6 Qxb6 14. gxf6 gxf6 15. Qd2 Qa5 16. a3 Nd7 17. Qxb4 Qxb4+ 18. axb4 f5 19. b5 axb5 20. O-O Rg8
21. Rxa8+ Bxa8 22. Nxb5 Bxe4 23. Rf2 Ne5 24. Kf1 Ng4 25. Bxe4 Nxe3+ 26. Ke2 fxe4 27. Kxe3 d5 28. Kd4 Ke7
0-1

[Event "Can one find a good TN in the Najdorf?"]
[Site "SchemingMind.com"]
[Date "2005.08.15"]
[Round "-"]
[White "mikhailtal"]
[Black "Helloween"]
[Result "0-1"]
[WhiteCountry "ENG"]
[BlackCountry "INT"]
[WhiteElo "1816"]
[WhiteRD "79"]
[BlackElo "2068"]
[BlackRD "87"]
[GameID "22355"]

1. e4 c5 2. Nf3 d6 3. d4 cxd4 4. Nxd4 Nf6 5. Nc3 a6 6. Be3 e5 7. Nb3 Be6 8. f4 exf4 9. Bxf4 Nc6 10. Qd2 d5
11. O-O-O Bb4 12. Qd3 Bxc3 13. Qxc3 O-O 14. exd5 Bxd5 15. Bd3 Re8 16. Rhe1 Qb6 17. a3 h6 18. Bxh6 Bxb3 19. cxb3 Nb4 20. Rxe8+ Rxe8
21. Bg5 Na2+
0-1

[Event "Can one find a good TN in the Najdorf?"]
[Site "SchemingMind.com"]
[Date "2005.08.15"]
[Round "-"]
[White "mikhailtal"]
[Black "wilfried"]
[Result "0-1"]
[WhiteCountry "ENG"]
[BlackCountry "GER"]
[WhiteElo "1769"]
[WhiteRD "80"]
[BlackElo "2118"]
[BlackRD "119"]
[GameID "22356"]

1. e4 c5 2. Nf3 d6 3. d4 cxd4 4. Nxd4 Nf6 5. Nc3 a6 6. Be3 e5 7. Nb3 Be6 8. f4 exf4 9. Bxf4 Nc6 10. Qd2 Be7
11. O-O-O Ne5 12. Kb1 O-O 13. Nd4 Rc8 14. h3 b5 15. g4 b4 16. Nd5 Nxe4 17. Nxe7+ Qxe7 18. Qxb4 Rb8 19. Qa3 Nf2 20. Bxe5 Nxd1
21. Bxa6 Rxb2+ 22. Kc1 Qg5+ 23. Kxd1 Rb1+
0-1

[Event "Can one find a good TN in the Najdorf?"]
[Site "SchemingMind.com"]
[Date "2005.08.18"]
[Round "-"]
[White "Helloween"]
[Black "mikhailtal"]
[Result "1/2-1/2"]
[WhiteCountry "INT"]
[BlackCountry "ENG"]
[WhiteElo "2072"]
[WhiteRD "81"]
[BlackElo "1876"]
[BlackRD "74"]
[GameID "22357"]

1. e4 c5 2. Nf3 d6 3. d4 cxd4 4. Nxd4 Nf6 5. Nc3 a6 6. Be3 e5 7. Nb3 Be7 8. f3 Be6 9. Qd2 O-O 10. O-O-O a5
11. Bb5 Nc6 12. Kb1 Ne8 13. Qf2 Qb8 14. Qg3 Kh8 15. f4 Nc7 16. fxe5 Nxe5 17. Nd4 Nxb5 18. Ndxb5 a4 19. Nd5 Bxd5 20. Rxd5 Ra6
21. Bd4 f6 22. h4 Nc6 23. h5 Nxd4 24. Nxd4 Rf7 25. h6 g6 26. Rd1 a3 27. b3 Bf8=
1/2-1/2

[Event "Can one find a good TN in the Najdorf?"]
[Site "SchemingMind.com"]
[Date "2005.08.15"]
[Round "-"]
[White "wilfried"]
[Black "mikhailtal"]
[Result "1-0"]
[WhiteCountry "GER"]
[BlackCountry "ENG"]
[WhiteElo "2118"]
[WhiteRD "119"]
[BlackElo "1769"]
[BlackRD "80"]
[GameID "22358"]

1. e4 c5 2. Nf3 d6 3. d4 cxd4 4. Nxd4 Nf6 5. Nc3 a6 6. Bd3 e5 7. Nde2 Be7 8. O-O Be6 9. Ng3 O-O 10. Nd5 Nxd5
11. exd5 Bc8 12. c4 Nd7 13. Be3 b6 14. b3 a5 15. f4 exf4 16. Bxf4 Nc5 17. Qf3 Bg5 18. Bxh7+ Kxh7 19. Qh5+ Kg8 20. Bxg5 f6
21. Rae1 Bd7 22. Bh6 Ra7 23. Bxg7 Kxg7 24. Rf3 Rg8 25. Rfe3 Kf8 26. Qh7 Rg7 27. Qh8+ Rg8 28. Qh6+ Kf7 29. Nh5 Bf5 30. Re8 Qe7
31. R8xe7+
1-0

[Event "Can one find a good TN in the Najdorf?"]
[Site "SchemingMind.com"]
[Date "2005.08.16"]
[Round "-"]
[White "Gordon"]
[Black "Helloween"]
[Result "1-0"]
[WhiteCountry "ENG"]
[BlackCountry "INT"]
[WhiteElo "2193"]
[WhiteRD "62"]
[BlackElo "2068"]
[BlackRD "87"]
[GameID "22410"]

1. e4 c5 2. Nf3 d6 3. d4 cxd4 4. Nxd4 Nf6 5. Nc3 a6 6. Be3 e5 7. Nb3 Be6 8. f3 Be7 9. Qd2 h5 10. Be2 Nbd7
11. Nd5 Nxd5 12. exd5 Bf5 13. O-O O-O 14. c4 Rc8 15. f4 Bg4 16. Rac1 Nf6 17. Bd3 e4 18. Bb1 h4 19. h3 Bf5 20. Nd4 Qd7
21. Rfe1 Rfe8 22. b3 Nh5 23. Nxf5 Qxf5 24. Bc2 Ng3 25. Bd1 Qg6 26. b4 Bf6 27. Bg4 Nf5 28. c5 a5 29. bxa5 Nxe3 30. Bxc8 Bd4
31. Rxe3 Bxe3+ 32. Qxe3 Rxc8 33. c6 bxc6 34. Rxc6 Re8 35. a6 Qf6 36. Rb6 Qa1+ 37. Kh2 Qxa2 38. Rxd6
1-0

[Event "Can one find a good TN in the Najdorf?"]
[Site "SchemingMind.com"]
[Date "2005.08.16"]
[Round "-"]
[White "Gordon"]
[Black "wilfried"]
[Result "0-1"]
[WhiteCountry "ENG"]
[BlackCountry "GER"]
[WhiteElo "2193"]
[WhiteRD "62"]
[BlackElo "2160"]
[BlackRD "117"]
[GameID "22411"]

1. e4 c5 2. Nf3 d6 3. d4 cxd4 4. Nxd4 Nf6 5. Nc3 a6 6. Be3 e6 7. f3 b5 8. g4 Be7 9. Qd2 O-O 10. g5 Nfd7
11. h4 b4 12. Nce2 Nb6 13. Ng3 Qc7 14. h5 Nc4 15. Bxc4 Qxc4 16. g6 fxg6 17. hxg6 hxg6 18. f4 e5 19. Nde2 a5 20. a3 bxa3
21. Rxa3 Nc6 22. b3 Qb4 23. Ra4 Qxd2+ 24. Bxd2 Bd7 25. O-O Bd8 26. Kg2 exf4 27. Nxf4 Bg5 28. Nge2 Rf7 29. Kg3 Raf8 30. Nd4 Bf6
0-1

[Event "Can one find a good TN in the Najdorf?"]
[Site "SchemingMind.com"]
[Date "2005.08.16"]
[Round "-"]
[White "Gordon"]
[Black "mikhailtal"]
[Result "1-0"]
[WhiteCountry "ENG"]
[BlackCountry "ENG"]
[WhiteElo "2173"]
[WhiteRD "63"]
[BlackElo "1769"]
[BlackRD "80"]
[GameID "22412"]

1. e4 c5 2. Nf3 d6 3. d4 cxd4 4. Nxd4 Nf6 5. Nc3 a6 6. Be3 e5 7. Nb3 Be7 8. f3 Be6 9. Qd2 O-O 10. O-O-O a5
11. Bb5 Nc6 12. Qf2 Qb8 13. Kb1 Rc8 14. g4 a4 15. Nc1 a3 16. b3 Ra5 17. Bb6 Ra8 18. Nd5 Bd8 19. Bxd8 Rxd8 20. Bxc6 bxc6
21. Ne7+ Kh8 22. Nxc6 Qc7 23. Nxd8 Rxd8 24. c4 Nd7 25. Ka1 Nc5 26. Nd3 Na4 27. Rd2 Nb6 28. Rhd1 Rc8 29. h4 Nxc4 30. Rc2 Qa5
31. Rdc1 Nb6 32. Qxb6
1-0

[Event "Can one find a good TN in the Najdorf?"]
[Site "SchemingMind.com"]
[Date "2005.08.18"]
[Round "-"]
[White "Helloween"]
[Black "Gordon"]
[Result "1/2-1/2"]
[WhiteCountry "INT"]
[BlackCountry "ENG"]
[WhiteElo "2047"]
[WhiteRD "85"]
[BlackElo "2159"]
[BlackRD "63"]
[GameID "22413"]

1. e4 c5 2. Nf3 d6 3. d4 cxd4 4. Nxd4 Nf6 5. Nc3 a6 6. Be3 e6 7. g4 e5 8. Nf5 h5 9. g5 Nxe4 10. Nxg7+ Bxg7
11. Nxe4 d5 12. Ng3 d4 13. Bd2 Qd5 14. Be2 e4 15. c4 Qc6 16. Nxh5 Be5 17. f4 Bd6 18. Rg1 Nd7 19. g6 fxg6 20. Rxg6 e3
21. Bf3 exd2+ 22. Kf2 Qb6 23. Ng7+ Kd8 24. Ne6+ Ke7 25. Rg7+ Kf6 26. Rg6+ Ke7 27. Rg7+=
1/2-1/2

[Event "Can one find a good TN in the Najdorf?"]
[Site "SchemingMind.com"]
[Date "2005.08.16"]
[Round "-"]
[White "wilfried"]
[Black "Gordon"]
[Result "1/2-1/2"]
[WhiteCountry "GER"]
[BlackCountry "ENG"]
[WhiteElo "2236"]
[WhiteRD "102"]
[BlackElo "2199"]
[BlackRD "66"]
[GameID "22414"]

1. e4 c5 2. Nf3 d6 3. d4 cxd4 4. Nxd4 Nf6 5. Nc3 a6 6. Bg5 e6 7. Be2 Be7 8. Qd3 Qc7 9. O-O Nc6 10. Nxc6 bxc6
11. Qg3 O-O 12. a3 Kh8 13. Be3 e5 14. f4 exf4 15. Qxf4 Be6 16. Bd4 Nd7 17. Rad1 Ne5 18. b3 Bf6 19. Na4 Ng6 20. Qd2 Bxd4+
21. Qxd4 Rfd8 22. Qb6 Qc8 23. Rd2 Ne5 24. Qa5 Qb7 25. Nc5 Qe7 26. Nd3 Qa7+ 27. Kh1 Nd7 28. Bf3 Rac8 29. Rfd1 h6 30. a4 Kg8
31. Nb4 Ne5 32. Qxa6 Qc7 33. Qe2 Ra8 34. Nd3 Ra5 35. Qe3 Rd7 36. Nxe5 Rxe5 37. Qc3 c5 38. a5 Qc6 39. Qa1 Qa6 40. Qa4 Ra7
41. Qe8+ Kh7 42. Rxd6 Qxa5 43. Rd8 c4 44. bxc4 Qc5 45. h4 h5 46. R8d5 Qc7 47. Rxe5 Qxe5 48. Qb5 Ra5 49. Qxe5 Rxe5 50. Rd4 Rc5
51. Be2 Kg6 52. Kg1 Kf6 53. Kf2 Ke5 54. Ke3 g6 55. Bf1 Rc8 56. Rd1 Bxc4 57. Bd3 f5 58. Ra1 Bxd3 59. cxd3 fxe4 60. Ra5+ Kf6
61. Kxe4 Re8+ 62. Kd4 Rc8 63. Rg5 Rd8+ 64. Kc4 Rc8+ 65. Rc5 Re8 66. g3 Ra8 67. d4 Ra4+ 68. Kd3 Ra3+ 69. Rc3=
1/2-1/2

[Event "Can one find a good TN in the Najdorf?"]
[Site "SchemingMind.com"]
[Date "2005.08.17"]
[Round "-"]
[White "mikhailtal"]
[Black "Gordon"]
[Result "0-1"]
[WhiteCountry "ENG"]
[BlackCountry "ENG"]
[WhiteElo "1763"]
[WhiteRD "80"]
[BlackElo "2159"]
[BlackRD "63"]
[GameID "22415"]

1. e4 c5 2. Nf3 d6 3. d4 cxd4 4. Nxd4 Nf6 5. Nc3 a6 6. Bc4 e6 7. Bb3 Nbd7 8. Bg5 Nc5 9. Qe2 Be7 10. e5 dxe5
11. Qxe5 O-O 12. O-O-O Qa5 13. Qe3 Ng4
0-1

[Event "Can one find a good TN in the Najdorf?"]
[Site "SchemingMind.com"]
[Date "2005.08.18"]
[Round "-"]
[White "Scarian"]
[Black "Helloween"]
[Result "0-1"]
[WhiteCountry "GBR"]
[BlackCountry "INT"]
[WhiteElo "1781"]
[WhiteRD "72"]
[BlackElo "2072"]
[BlackRD "81"]
[GameID "22566"]

1. e4 c5 2. Nf3 d6 3. d4 cxd4 4. Nxd4 Nf6 5. Nc3 a6 6. Bg5 e6 7. f4 Nbd7 8. Qf3 Qc7 9. O-O-O Be7 10. g4 b5
11. Bxf6 Nxf6 12. g5 Nd7 13. a3 Rb8 14. h4 b4 15. axb4 Rxb4
0-1

[Event "Can one find a good TN in the Najdorf?"]
[Site "SchemingMind.com"]
[Date "2005.08.18"]
[Round "-"]
[White "Scarian"]
[Black "wilfried"]
[Result "0-1"]
[WhiteCountry "GBR"]
[BlackCountry "GER"]
[WhiteElo "1781"]
[WhiteRD "72"]
[BlackElo "2233"]
[BlackRD "96"]
[GameID "22567"]

1. e4 c5 2. Nf3 d6 3. d4 cxd4 4. Nxd4 Nf6 5. Nc3 a6 6. Be3 e5 7. Nb3 Be6 8. f3 Be7 9. Qd2 h5 10. Nd5 Nxd5
11. exd5 Bf5 12. Bd3 Bxd3 13. Qxd3 Bg5 14. Bxg5 Qxg5 15. O-O Nd7 16. Nd2 O-O
0-1

[Event "Can one find a good TN in the Najdorf?"]
[Site "SchemingMind.com"]
[Date "2005.08.18"]
[Round "-"]
[White "Scarian"]
[Black "mikhailtal"]
[Result "0-1"]
[WhiteCountry "GBR"]
[BlackCountry "ENG"]
[WhiteElo "1781"]
[WhiteRD "72"]
[BlackElo "1876"]
[BlackRD "74"]
[GameID "22568"]

1. e4 c5 2. Nf3 d6 3. d4 cxd4 4. Nxd4 Nf6 5. Nc3 a6 6. f4 Qc7 7. Bd3 g6 8. O-O Bg7 9. Nf3 Nbd7 10. Qe1 b5
11. e5 dxe5 12. fxe5 Ng4 13. e6 fxe6 14. Qh4 Ngf6
0-1

[Event "Can one find a good TN in the Najdorf?"]
[Site "SchemingMind.com"]
[Date "2005.08.18"]
[Round "-"]
[White "Scarian"]
[Black "Gordon"]
[Result "0-1"]
[WhiteCountry "GBR"]
[BlackCountry "ENG"]
[WhiteElo "1781"]
[WhiteRD "72"]
[BlackElo "2229"]
[BlackRD "64"]
[GameID "22569"]

1. e4 c5 2. Nf3 d6 3. d4 cxd4 4. Nxd4 Nf6 5. Nc3 a6 6. Be2 e6 7. O-O Be7 8. f4 O-O 9. a4 Nc6 10. Be3 Qc7
11. Kh1 Re8 12. Bd3 Nb4 13. a5 Bd7 14. Nf3 Rac8 15. Bb6 Qb8 16. e5 dxe5 17. fxe5 Nfd5 18. Nxd5 exd5 19. Re1 Nxd3
0-1

[Event "Can one find a good TN in the Najdorf?"]
[Site "SchemingMind.com"]
[Date "2005.08.18"]
[Round "-"]
[White "Helloween"]
[Black "Scarian"]
[Result "1-0"]
[WhiteCountry "INT"]
[BlackCountry "GBR"]
[WhiteElo "2072"]
[WhiteRD "81"]
[BlackElo "1781"]
[BlackRD "72"]
[GameID "22570"]

1. e4 c5 2. Nf3 d6 3. d4 cxd4 4. Nxd4 Nf6 5. Nc3 a6 6. Be3 e5 7. Nb3 Be6 8. f3 Nbd7 9. g4 b5 10. g5 b4
11. Ne2 Nh5 12. Qd2 a5 13. Ng3 Nxg3 14. hxg3 a4 15. Nc1
1-0

[Event "Can one find a good TN in the Najdorf?"]
[Site "SchemingMind.com"]
[Date "2005.08.19"]
[Round "-"]
[White "wilfried"]
[Black "Scarian"]
[Result "1-0"]
[WhiteCountry "GER"]
[BlackCountry "GBR"]
[WhiteElo "2233"]
[WhiteRD "96"]
[BlackElo "1781"]
[BlackRD "72"]
[GameID "22571"]

1. e4 c5 2. Nf3 d6 3. d4 cxd4 4. Nxd4 Nf6 5. Nc3 a6 6. Be3 Ng4 7. Bg5 h6 8. Bh4 g5 9. Bg3 Bg7 10. Bc4 Nc6
11. Nxc6 bxc6 12. Qf3 Rf8 13. Bb3 Ne5 14. Qe3 Kd7 15. O-O Kc7 16. Na4 Kb7 17. f3
1-0

[Event "Can one find a good TN in the Najdorf?"]
[Site "SchemingMind.com"]
[Date "2005.08.19"]
[Round "-"]
[White "mikhailtal"]
[Black "Scarian"]
[Result "1-0"]
[WhiteCountry "ENG"]
[BlackCountry "GBR"]
[WhiteElo "1876"]
[WhiteRD "74"]
[BlackElo "1781"]
[BlackRD "72"]
[GameID "22572"]

1. e4 c5 2. Nf3 d6 3. d4 cxd4 4. Nxd4 Nf6 5. Nc3 a6 6. Be3 e6 7. g4 h6 8. f3 b5 9. Qd2 Nbd7 10. h4 Bb7
11. g5 hxg5 12. Bxg5 Be7 13. Rg1 b4 14. Na4 Qa5 15. b3 d5 16. exd5
1-0

[Event "Can one find a good TN in the Najdorf?"]
[Site "SchemingMind.com"]
[Date "2005.08.18"]
[Round "-"]
[White "Gordon"]
[Black "Scarian"]
[Result "1-0"]
[WhiteCountry "ENG"]
[BlackCountry "GBR"]
[WhiteElo "2229"]
[WhiteRD "64"]
[BlackElo "1781"]
[BlackRD "72"]
[GameID "22573"]

1. e4 c5 2. Nf3 d6 3. d4 cxd4 4. Nxd4 Nf6 5. Nc3 a6 6. Be3 e6 7. f3 b5 8. g4 h6 9. Qd2 Nbd7 10. O-O-O Bb7
11. h4 b4 12. Na4 Qa5 13. b3 Be7 14. Kb1 Nc5 15. Nxc5 dxc5 16. Ne2 Rd8 17. Qe1 O-O 18. Rxd8 Rxd8 19. Nc1 Nd7 20. g5
1-0

[Event "Can one find a good TN in the Najdorf?"]
[Site "SchemingMind.com"]
[Date "2005.08.19"]
[Round "-"]
[White "Apocalypse"]
[Black "Helloween"]
[Result "1-0"]
[WhiteCountry "USA"]
[BlackCountry "INT"]
[WhiteElo "2289"]
[WhiteRD "86"]
[BlackElo "2072"]
[BlackRD "81"]
[GameID "22677"]

1. e4 c5 2. Nf3 d6 3. d4 cxd4 4. Nxd4 Nf6 5. Nc3 a6 6. f3 e6 7. Be3 b5 8. Qd2 Nbd7 9. g4 h6 10. O-O-O Bb7
11. h4 b4 12. Na4 Qa5 13. b3 Nc5 14. a3 Nxa4 15. axb4 Qc7 16. bxa4 e5 17. Nb3 d5 18. exd5 Bxd5 19. Nc5
1-0

[Event "Can one find a good TN in the Najdorf?"]
[Site "SchemingMind.com"]
[Date "2005.08.19"]
[Round "-"]
[White "Apocalypse"]
[Black "wilfried"]
[Result "1-0"]
[WhiteCountry "USA"]
[BlackCountry "GER"]
[WhiteElo "2289"]
[WhiteRD "86"]
[BlackElo "2233"]
[BlackRD "96"]
[GameID "22678"]

1. e4 c5 2. Nf3 d6 3. d4 cxd4 4. Nxd4 Nf6 5. Nc3 a6 6. Be2 e5 7. Nb3 Be7 8. Be3 Be6 9. Nd5 Nxd5 10. exd5 Bf5
11. O-O O-O 12. Qd2 a5 13. f4 e4 14. Nd4 Bc8 15. Nb5 f5 16. a4 Bd7 17. Na3 Bxa4 18. Rfb1 Be8 19. Nc4 Bf6 20. Rxa5 Rxa5
21. Qxa5 Bf7 22. Qb4 Qc8 23. Rd1 Be7 24. Bd4 Nd7 25. Ne3 Bg6 26. Ra1 Qb8 27. Bb5 Be8 28. Qc3 Rf7 29. Qa5 Nf8 30. Be2 Bd7
31. Qa8 Qc7 32. Ra7 Bc8 33. Ra3 Qd8 34. Qa5
1-0

[Event "Can one find a good TN in the Najdorf?"]
[Site "SchemingMind.com"]
[Date "2005.08.19"]
[Round "-"]
[White "Apocalypse"]
[Black "Scarian"]
[Result "1-0"]
[WhiteCountry "USA"]
[BlackCountry "GBR"]
[WhiteElo "2289"]
[WhiteRD "86"]
[BlackElo "1781"]
[BlackRD "72"]
[GameID "22679"]

1. e4 c5 2. Nf3 d6 3. d4 cxd4 4. Nxd4 Nf6 5. Nc3 a6 6. Bg5 e6 7. f4 Qb6 8. Qd2 Qxb2 9. Nb3 Qa3 10. Bxf6 gxf6
11. Be2 Nc6 12. O-O
1-0

[Event "Can one find a good TN in the Najdorf?"]
[Site "SchemingMind.com"]
[Date "2005.08.19"]
[Round "-"]
[White "Apocalypse"]
[Black "mikhailtal"]
[Result "1-0"]
[WhiteCountry "USA"]
[BlackCountry "ENG"]
[WhiteElo "2251"]
[WhiteRD "92"]
[BlackElo "1769"]
[BlackRD "80"]
[GameID "22680"]

1. e4 c5 2. Nf3 d6 3. d4 cxd4 4. Nxd4 Nf6 5. Nc3 a6 6. g3 e5 7. Nb3 Be7 8. Bg2 O-O 9. O-O Be6 10. a4 Nbd7
11. Be3 Nb6 12. a5 Nbd7 13. Qd3 g6 14. h3 b5 15. axb6 Nxb6 16. Rxa6 Nc4 17. Rxa8 Qxa8 18. Ra1 Qc8 19. Bc1 Nb6 20. Ra7 Re8
21. Bg5 Kg7 22. Nb5 Qd8 23. Nc7 Rf8 24. Nxe6+ fxe6 25. Nc5 Kf7 26. Bxf6
1-0

[Event "Can one find a good TN in the Najdorf?"]
[Site "SchemingMind.com"]
[Date "2005.08.19"]
[Round "-"]
[White "Apocalypse"]
[Black "Gordon"]
[Result "1-0"]
[WhiteCountry "USA"]
[BlackCountry "ENG"]
[WhiteElo "2263"]
[WhiteRD "92"]
[BlackElo "2193"]
[BlackRD "62"]
[GameID "22681"]

1. e4 c5 2. Nf3 d6 3. d4 cxd4 4. Nxd4 Nf6 5. Nc3 a6 6. Be3 e6 7. f3 b5 8. g4 Nfd7 9. Qd2 Nb6 10. a4 bxa4
11. Nxa4 Nxa4 12. Rxa4 Be7 13. Be2 O-O 14. O-O Bb7 15. Nb3 Nc6 16. f4 Qc7 17. g5 Rfc8 18. Rfa1 d5 19. exd5 exd5 20. c3 d4
21. Nxd4 Nxd4 22. cxd4 Re8 23. d5 Bc5 24. Bf2 Bxf2+ 25. Kxf2 Qc5+ 26. Rd4 Re4 27. Rd1 Rae8 28. Bf3 R4e7 29. f5 Re5 30. Qf4 Qc2+
31. Kg3 a5 32. b4 a4 33. Rc1
1-0

[Event "Can one find a good TN in the Najdorf?"]
[Site "SchemingMind.com"]
[Date "2005.08.20"]
[Round "-"]
[White "Helloween"]
[Black "Apocalypse"]
[Result "0-1"]
[WhiteCountry "INT"]
[BlackCountry "USA"]
[WhiteElo "2072"]
[WhiteRD "81"]
[BlackElo "2289"]
[BlackRD "86"]
[GameID "22682"]

1. e4 c5 2. Nf3 d6 3. d4 cxd4 4. Nxd4 Nf6 5. Nc3 a6 6. Be3 e5 7. Nb3 Be6 8. f3 Be7 9. Qd2 O-O 10. O-O-O Nbd7
11. g4 Qc7 12. g5 Nh5 13. Rg1 Rfc8 14. Kb1 g6 15. Qf2 b5 16. Nc1 Rab8 17. Nd5 Bxd5 18. Rxd5 Nb6 19. Bxb6 Qxb6 20. Qxb6 Rxb6
21. Nd3 f6 22. h4 Rf8
0-1

[Event "Can one find a good TN in the Najdorf?"]
[Site "SchemingMind.com"]
[Date "2005.08.20"]
[Round "-"]
[White "wilfried"]
[Black "Apocalypse"]
[Result "1-0"]
[WhiteCountry "GER"]
[BlackCountry "USA"]
[WhiteElo "2233"]
[WhiteRD "96"]
[BlackElo "2289"]
[BlackRD "86"]
[GameID "22683"]

1. e4 c5 2. Nf3 d6 3. d4 cxd4 4. Nxd4 Nf6 5. Nc3 a6 6. Be3 e6 7. g4 h6 8. Qf3 Nc6 9. Rg1 Ne5 10. Qe2 b5
11. O-O-O b4 12. Nb1 Nexg4 13. Bf4 Qc7 14. h3 Ne5 15. Bh2 Bb7 16. Nd2 Rc8 17. f3 g5 18. Kb1 Ng6 19. Nc4 Nf4 20. Bxf4 gxf4
21. Qe1 Nd7 22. Nb3 Be7 23. Bd3 Ba8 24. Nca5 d5 25. Bxa6 Qxc2+ 26. Ka1 Bf6 27. Nd4 Bxd4 28. Rxd4 Ne5 29. Be2 Qa4 30. Nb3 dxe4
31. Qh4 Nd7 32. Bc4 Qc6 33. Rgd1 Rd8 34. Qh5 Ke7 35. Qa5 Qc8 36. Qxb4+ Kf6 37. Qa5 Ne5 38. Rxd8 Rxd8 39. Qxd8+ Qxd8 40. Rxd8 Nxc4
41. Rxa8 e3 42. Nc1 Nd2 43. Nd3 e5 44. Ra6+ Kg7 45. Nxe5 e2 46. Nd3 Nxf3 47. Ra4 Ne5 48. Ne1 f3 49. Rf4 Kg6 50. h4
1-0

[Event "Can one find a good TN in the Najdorf?"]
[Site "SchemingMind.com"]
[Date "2005.08.19"]
[Round "-"]
[White "Scarian"]
[Black "Apocalypse"]
[Result "0-1"]
[WhiteCountry "GBR"]
[BlackCountry "USA"]
[WhiteElo "1781"]
[WhiteRD "72"]
[BlackElo "2289"]
[BlackRD "86"]
[GameID "22684"]

1. e4 c5 2. Nf3 d6 3. d4 cxd4 4. Nxd4 Nf6 5. Nc3 a6 6. Be3 Ng4 7. Bg5 h6 8. Bh4 g5 9. Bg3 Bg7 10. h3 Nf6
11. Qf3 Qb6
0-1

[Event "Can one find a good TN in the Najdorf?"]
[Site "SchemingMind.com"]
[Date "2005.08.20"]
[Round "-"]
[White "mikhailtal"]
[Black "Apocalypse"]
[Result "0-1"]
[WhiteCountry "ENG"]
[BlackCountry "USA"]
[WhiteElo "1769"]
[WhiteRD "80"]
[BlackElo "2251"]
[BlackRD "92"]
[GameID "22685"]

1. e4 c5 2. Nf3 d6 3. d4 cxd4 4. Nxd4 Nf6 5. Nc3 a6 6. Be3 Nbd7 7. f3 e6 8. Qd2 b5 9. g4 Nb6 10. g5 Nfd7
11. f4 Bb7 12. a3 Nc5 13. Bd3 Nba4 14. Nde2 Nxb2 15. Rb1 Nbxd3+ 16. cxd3 d5 17. exd5 Bxd5 18. O-O Rc8 19. Nxd5 Qxd5 20. Rfc1 Rd8
21. Rc3 Na4 22. Rcb3 h6 23. Ng3 Bc5 24. Ne4 Qxe4
0-1

[Event "Can one find a good TN in the Najdorf?"]
[Site "SchemingMind.com"]
[Date "2005.08.20"]
[Round "-"]
[White "Gordon"]
[Black "Apocalypse"]
[Result "1/2-1/2"]
[WhiteCountry "ENG"]
[BlackCountry "USA"]
[WhiteElo "2193"]
[WhiteRD "62"]
[BlackElo "2263"]
[BlackRD "92"]
[GameID "22686"]

1. e4 c5 2. Nf3 d6 3. d4 cxd4 4. Nxd4 Nf6 5. Nc3 a6 6. Be3 e6 7. f3 b5 8. g4 h6 9. Qd2 Nbd7 10. O-O-O Bb7
11. h4 b4 12. Na4 Qa5 13. b3 Nc5 14. a3 Nxa4 15. axb4 Qc7 16. bxa4 d5 17. e5 Nd7 18. f4 Nb6 19. Rh3 Nxa4 20. Bf2 Rc8
21. Be1 Nb6 22. f5 Be7 23. fxe6 fxe6 24. Qe2 Kd7 25. Rc3 Nc4 26. Qxc4 dxc4 27. Nb5+ Bd5 28. Nxc7 Kxc7 29. Bxc4 Bxb4 30. Rcd3 Bxe1
31. Bxd5 Rcd8 32. Bxe6 Rxd3 33. Rxd3 Bxh4 34. Rd7+ Kb6 35. Rxg7 Bg3 36. Rg6 Bxe5 37. Bc4+ Kc7 38. Rxa6=
1/2-1/2